লোডিং...

Making of political geography

গ্রন্থ-পঞ্জীর বিবরন
প্রধান লেখক: Agnew, John
বিন্যাস: Printed Book
প্রকাশিত: London, Arnold 2002
বিষয়গুলি:
LEADER 004320000a22001450004500
020 |a 0-340-75955-0 
082 |a 300 P2 
100 |a Agnew, John  |f Author 
245 |a Making of political geography 
260 |a London, Arnold 
260 |c 2002 
650 |a Political geography 
942 |c BK 
999 |c 140663  |d 140659 
952 |0 0  |1 0  |4 0  |6 300_000000000000000_P2  |7 0  |9 139446  |a SIRP  |b SIRP  |d 2017-10-05  |l 0  |o 300 P2  |p SIRP04494  |r 2017-10-05  |w 2017-10-05  |y BK